000 01924nam a2200457 i 4500
001 0007401074
003 OSt
005 20260627102412.0
008 210115s2025 quca j 000 1 fre
020 _a9782898153198
040 _aQMBN
_bfre
_erda
_cQMBN
_dQMBND
082 0 4 _aALB BOU
_223/fre/202503
_mb
082 0 4 _a843/.92
_bB781c
_223/fre/202503
082 0 4 _aC843/.92
_bB781c
_223/fre/202503
_mb
084 _aC848/.92
_bB781c
_2z
091 0 _aBOU
100 1 _aBouton, Sylvain
_d1977-
_eauteur
_eillustrateur
245 1 0 _aC'est mon lit ! /
_c[texte et illustrations] Sylvain Bouton
246 3 _aC'est mon lit !
264 1 _aMontrǎl (Qub̌ec) Canada :
_bles 400 coups,
_c[2025]
300 _a1 volume (non pagin)̌ :
_billustrations en couleur ;
_c18 cm
336 _atexte
_btxt
_2rdacontent
336 _aimage fixe
_bsti
_2rdacontent
337 _asans mďiation
_bn
_2rdamedia
338 _avolume
_bnc
_2rdacarrier
490 1 _aMes premiers c[o]ups
500 _aDans le titre, la lettre ''o'' du mot ''mon'' est repršentě par l'image d'un phylactr̈e dans lequel se trouve un lit
500 _aDans le titre de la collection, la lettre "o" du mot "coups" est repršentě par le visage d'une souris
521 _aPour les enfants
650 7 _aOurs
_vFiction
_2vmj
650 7 _aLits
_vFiction
_2vmj
650 7 _aEnfants
_vFiction
_2vmj
650 7 _aSommeil
_vFiction
_2vmj
655 7 _aDocuments pour la jeunesse
_2rvmgf
655 7 _aLivres tout carton
_2rvmgf
830 0 _aMes premiers coups
942 _2ddc
_cALBUM
999 _c18914
_d18914